000 00323nam a2200133Ia 4500
008 190216s9999||||xx |||||||||||||| ||und||
100 _aRakhavan Nambyaer. Ak
245 0 _aAvakala Sameekaranangal
250 _a1st Ed.
260 _bKerala Bhasha Institute
_c1978
300 _a230
650 _aMathematics
942 _cBK
999 _c40427
_d40427